01016na a2200277 450000100060000000300080000600500170001400800410003102000150007204100080008708200240009509000230011910000220014224502070016426000330037130000240040444000230042849000330045150400200048465000300050465700410053494200130057504000250058895201080061399900170072124512MIRAKIL20181226104234.0181127b tu 000 0  a9758301136 atur a343.0721bS25r 2000 a343.0721 S25r 2000 aSanlı, Kerem Cem aRekabetin Korunması Hakkındaki Kanun'da öngörülen yasaklayıcı hükümler ve bu hükümlere aykırı sözleşme ve teşebbüs birliği kararlarının geçersizliğicKerem Cem Sanlı aAnkarabRekabet Kurumuc2000 axii, 514 s.c24 sm. aRekabet Kurumuv49 aLisansüstü Tez serisiv3 aKaynakça var. aRekabet hukukuzTürkiye aRekabetin Korunması Hakkında Kanun 2ddccBKS aMilasbturcTR-AnCHP 50a0002b0002d2018-11-27l0o343.0721 S25r 2000pP00243r2018-11-27 00:00:00v0.00w2018-11-27x yBKS c11790d11790